00461nam a22001572 4500001001100000005001700011008004100028020001700069040001500086050001900101100003500120245003600155260003900191300001700230650005600247000000402720151217145750.0070517s xx 000 0 eng d a8120313607 : aKABUcKABU 0aQA76.642b.W551 aWilson, Gregory V.@000015435710aPractical parallel programming. aNew Delhi :bPrentice Hall,c1995. aviii, 564 p. 0aParallel programming (Computer science)@0000154358